| 000 | 00485nam a2200133 4500 | ||
|---|---|---|---|
| 999 |
_c16809 _d16809 |
||
| 008 | 180410b ||||| |||| 00| 0 eng d | ||
| 082 | _aDPer 050 Dec 2015-Mar 2016 T48 v186-187 | ||
| 100 |
_aKluger, Jeffrey. _944966 |
||
| 245 |
_aThe perfectly sane case for life in space/ _cJeffrey Kluger. |
||
| 260 |
_aNew York: _bTime Inc., _c©Dec 2015-Mar 2016. |
||
| 300 |
_av187 n6-7, pages 80-83: _billustrations; _c27 cm. |
||
| 650 |
_aOuter space _xExploration. _944967 |
||
| 942 |
_2ddc _cPER |
||